|
|
|
|
| LEADER |
00000cam a2200000 7i4500 |
| 001 |
0000008700 |
| 005 |
20160927.0 |
| 020 |
|
|
|a 9020707299
|
| 040 |
|
|
|a INS
|
| 090 |
0 |
0 |
|a HD7353.6.A3
|b W43 1978
|
| 100 |
1 |
|
|a Wegelin, Emiel A.
|
| 245 |
1 |
0 |
|a Urban low-income housing and development :
|b a case study in Peninsular Malaysia
|c Emiel A. Wegelin
|
| 260 |
|
|
|a Boston :
|b Mortinus Nijhoff Social Sciences Division ,
|c c1978
|
| 300 |
|
|
|a 347p. :
|b ill. ;
|c 23 cm.
|
| 440 |
|
0 |
|a Studies in development and planning; vol. 6
|
| 650 |
0 |
0 |
|a Housing management
|
| 650 |
0 |
0 |
|a Housing research
|z Peninsular Malaysia
|
| 650 |
0 |
0 |
|a Low income housing
|x Malaysia
|v Case studies
|
| 999 |
|
|
|a 0000023699
|b BOOK
|c Open Shelf
|e Default branch
|
| 999 |
|
|
|a 0000023700
|b BOOK
|c Open Shelf
|e Default branch
|